| 000 | 00833cam a2200277 a 4500 | ||
|---|---|---|---|
| 001 | 16627431 | ||
| 005 | 20180312080552.0 | ||
| 008 | 110127s2012 nyua b 001 0 eng | ||
| 010 | _a 2011921789 | ||
| 020 | _a9781429208390 (cloth) | ||
| 020 | _a1429208392 (cloth) | ||
| 020 | _a9781429231916 (paper) | ||
| 020 | _a1429231912 (paper) | ||
| 040 |
_aDLC _cDLC _dDLC |
||
| 041 | _aeng | ||
| 042 | _apcc | ||
| 080 | _a51 ROG | ||
| 082 | _a51 ROG | ||
| 100 | 1 | _a37 | |
| 101 | _aMAT | ||
| 245 | 1 | 0 |
_aCalculus / _cJon Rogawski. |
| 504 | _aIncludes bibliographical references (p. 119-122, 2nd group) and index. | ||
| 906 |
_a7 _bcbc _corignew _d2 _eepcn _f20 _gy-gencatlg |
||
| 942 |
_2ddc _cBK |
||
| 999 |
_c44731 _d44731 |
||